Un sistema de enseñanza aprendizaje para educación comercial

Sparad:
Bibliografiska uppgifter
Huvudupphovsmän: Popham, Estelle L (Författare, medförfattare), Schrag, Adele Frisbie (Författare, medförfattare), Blockhus, Wanda (Författare, medförfattare)
Materialtyp: Bok
Språk:spanska
Publicerad: Ciudad de México McGraw Hill 1983
Ämnen:
Taggar: Lägg till en tagg
Inga taggar, Lägg till första taggen!

MARC

LEADER 00000nam a2200000 a 4500
001 UCT0374
003 CL-VaPUC
008 960830e19830000MX |||||||||||||||||spa|d
082 0 4 |a 380.07  |b POP  |2 21 
100 0 |a Popham, Estelle L  |e author  |9 369013 
700 0 |a Schrag, Adele Frisbie  |e author  |9 369014 
700 0 |a Blockhus, Wanda  |e author  |9 369015 
245 1 3 |a Un sistema de enseñanza aprendizaje para educación comercial 
300 |a 508 p 
942 |c BK 
945 |d 19960830 00:00:00  |a nastorga 
260 |a Ciudad de México  |b McGraw Hill  |c 1983 
650 7 |a ENSEÑANZA COMERCIAL  |2 CL-VaPUC  |9 307051 
650 0 |a Métodos de enseñanza  |9 270413 
650 7 |a TAQUIGRAFIA  |2 CL-VaPUC  |9 369016 
650 0 |a Comercio  |9 255341 
650 0 |a Técnicas de venta  |9 338625 
583 |a last modification  |c 20170905 01:30:45  |k Rodrigo Vera 
999 |c 251383  |d 251381 
952 |0 0  |1 0  |4 0  |6 380_070000000000000_POP_1983  |7 0  |8 P  |9 270497  |a BIBEDU  |b BIBEDU  |c BIBEDU_PB  |d 2019-11-19  |i 3225143  |o 380.07 POP 1983  |p 3225143  |r 2024-01-25  |w 2019-11-19  |y BK  |k EDU